000 00294nam a2200121Ia 4500
005 20251222144718.0
008 251222s9999||||xx |||||||||||||| ||spa||
082 _a241.66/L88
100 _aLópez Navarro, José
245 0 _aMatrimonio, Natalidad, Píldora
264 _bPalabra
942 _cLIB
999 _c18113
_d18113